Pirates of the Caribbean Characters and Ships - Statistics

General Stats
  • This quiz has been taken 749 times
    738 since last reset
  • The average score is 14 of 30
Answer Stats
Hint Answer % Correct
Captain who always seems to be without his ship. Pirate Lord of the Caribbean Sea. Captain Jack Sparrow
99%
Son whose "blood they need". William Turner
95%
Has a crustacean for an arm and a squid for a face. Davy Jones
92%
Formerly undead, then dead, now living rival of the above. Has a peg leg and is also Pirate Lord of the Caspian Sea. Captain Hector Barbossa
91%
Love interest of the above. Elizabeth Swan
88%
Disgraced member of the English Navy. James Norrington
75%
"Nigh uncatchable" The Black Pearl
73%
Ship that can sail under water. The Flying Dutchman
72%
Thrown to bottom of the ocean with cannons strapped to his boots. Bootstrap Bill Turner
70%
Ancient Sea Goddess Calypso
67%
Fierce pirate often known for his use of magic. Blackbeard
65%
Wooden Eyeball. Ragetti
55%
Fatter, balding friend of the above. Pintel
52%
Original Pirate Lord of the South China Sea. Sao Feng
52%
Fastest English Navy Ship HMS Interceptor
51%
Head of the EITC Cutler Beckett
50%
Ship belonging to the most feared pirate of all; lots of skulls. Queen Anne's Revenge
41%
Undead Capuchin. Jack the Monkey
38%
Governor of Port Royal Weatherby Swan
34%
Power of Port Royal HMS Dauntless
31%
Father of the shipless Captain and keeper of the Pirate's code. Teague
31%
Pirate Lord of the Pacific Ocean. Mistress Ching
25%
Flagship of the EITC HMS Endeavour
21%
Pirate Lord of the Atlantic Ocean. Gentleman Jocard
14%
Pirate Lord of the Mediterranean Sea. Chevalle
12%
Pirate Lord of the Black Sea. Ammand
11%
Ship belonging to the Pirate Lord of the South China Sea. The Empress
11%
Pirate Lord of the Adriatic Sea. Eduardo Villanueva
9%
Pride of the King's fleet HMS Providence
7%
Pirate Lord of the Indian Ocean. Sumbahjee Angria
6%
No matching quizzes found
Score Distribution
Percent of People with Each Score
Percentile by Number Answered
Your Score History
You have not taken this quiz since the last reset